00445 2200181 4500001002100000005001500021008004100036020002000077035001900097041000700116082000800123090001400131100001200145245003300157260002600190300003100216650001600247INLIS00000000000175220241224112416241224||||||||| | ||| |||| || |  a978-979-727-588 0010-1224001752 aid0 a395 a395 HAR s0 aHartono00aSopan Santun Dalam Pergaulan aBandungbArmicoc2007 avi, 138 hlm.: ilus.; 19 cm 0aIlmu Sosial